Portuguese Immigration by Country - Statistics

General Stats
  • This quiz has been taken 1,052 times
  • The average score is 10 of 15
Answer Stats
Population Country % Increase Since 2001 % Correct
14,066 Spain +55.48%
96%
105,423 Brazil +230.8%
95%
26,455 United Kingdom +221.56%
94%
19,771 France +28.73%
93%
18,382 Angola -50.33%
82%
3,005 Mozambique -43.43%
76%
11,393 India +123.92%
72%
4,365 Russia -46.84%
70%
34,663 Cape Verde +4.57%
59%
30,908 Romania +928.56%
59%
29,218 Ukraine +170.72%
57%
4,373 Pakistan +3.82%
49%
9,153 São Tomé and Príncipe +7.47%
48%
16,186 Guinea Bissau +2.29%
46%
4,834 Moldova +62%
22%
No matching quizzes found
Score Distribution
Percent of People with Each Score
Percentile by Number Answered
Your Score History
You have not taken this quiz